Statistiques concernant Capitales commençant par B

Cliquez ici pour prendre le quiz!

Statistiques générales

  • Ce quiz a été pris 690 fois
  • Le résultat moyen est 15 sur 25

Statistiques - réponses

Capitales% Correct
Berlin
88%
Bruxelles
81%
Brasilia
79%
Bogota
72%
Budapest
71%
Bamako
69%
Berne
69%
Bratislava
69%
Bucarest
69%
Buenos Aires
67%
Bangkok
66%
Belgrade
64%
Bagdad
60%
Belmopan
60%
Bakou
58%
Beyrouth
57%
Bichkek
53%
Bangui
52%
Brazzaville
49%
Bandar Seri Begawan
45%
Banjul
45%
Bridgetown
45%
Basseterre
33%
Bissau
33%
Bloemfontein
18%

Distribution des résultats

Percentile par nombre de réponses

% des personnes avec chaque résultat

Votre développement - résultats

Vous n’avez pas pris ce quiz